| 000 | 00457nam a2200181Ia 4500 | ||
|---|---|---|---|
| 005 | 20240823025826.0 | ||
| 008 | 240823s9999||||xx |||||||||||||| ||und|| | ||
| 041 | _aENGLISH | ||
| 082 | _A621.3815 N1 | ||
| 100 | _aBPB | ||
| 245 | 0 | _aUp-to Date World s Transistors-Diodes-Thyristors & I C C Tables | |
| 250 | _a1st | ||
| 260 |
_c1991 _b"BPB,New Delhi" |
||
| 500 | _aTRANSFERED | ||
| 650 |
_aTransistor _bElectronics |
||
| 942 | _cBK | ||
| 999 |
_c187238 _d187238 |
||